Officer Spence makes no sense! / (Record no. 2169)
[ view plain ]
| 000 -LEADER | |
|---|---|
| fixed length control field | 01347cam a2200421 a 4500 |
| 005 - DATE AND TIME OF LATEST TRANSACTION | |
| control field | 20250820110024.0 |
| 020 ## - INTERNATIONAL STANDARD BOOK NUMBER | |
| International Standard Book Number | 9780061554100 |
| 020 ## - INTERNATIONAL STANDARD BOOK NUMBER | |
| International Standard Book Number | 0061554103 |
| 020 ## - INTERNATIONAL STANDARD BOOK NUMBER | |
| International Standard Book Number | 9780061554094 |
| 020 ## - INTERNATIONAL STANDARD BOOK NUMBER | |
| International Standard Book Number | 006155409X |
| 040 ## - CATALOGING SOURCE | |
| Original cataloging agency | DLC |
| Transcribing agency | DLC |
| Modifying agency | IG# |
| -- | BTCTA |
| -- | UKM |
| -- | BIB |
| -- | SOM |
| -- | DLC |
| Language of cataloging | eng |
| 050 00 - LIBRARY OF CONGRESS CALL NUMBER | |
| Classification number | PZ7.G9846 |
| Item number | Off 2009 |
| 082 ## - DEWEY DECIMAL CLASSIFICATION NUMBER | |
| Classification number | 813.54 |
| 100 1# - MAIN ENTRY--PERSONAL NAME | |
| Personal name | Gutman, Dan |
| 245 10 - TITLE STATEMENT | |
| Title | Officer Spence makes no sense! / |
| Statement of responsibility, etc. | Dan Gutman ; pictures by Jim Paillot. |
| 250 ## - EDITION STATEMENT | |
| Edition statement | First Edition |
| 260 ## - PUBLICATION, DISTRIBUTION, ETC. | |
| Place of publication, distribution, etc. | New York : |
| Name of publisher, distributor, etc. | HarperTrophy, |
| Date of publication, distribution, etc. | 2009 |
| 300 ## - PHYSICAL DESCRIPTION | |
| Extent | 100 pages : |
| Other physical details | illustrations |
| Dimensions | 20 cm |
| 490 1# - SERIES STATEMENT | |
| Series statement | My weird school daze ; |
| Volume/sequential designation | 5 |
| 505 ## - FORMATTED CONTENTS NOTE | |
| Formatted contents note | K |
| 520 ## - SUMMARY, ETC. | |
| Summary, etc. | Ella Mentry School's security guard proves overzealous in his pursuit of a peanut-butter-and-jelly-sandwich thief. |
| 521 1# - TARGET AUDIENCE NOTE | |
| Target audience note | 510 |
| Source | Lexile |
| 521 1# - TARGET AUDIENCE NOTE | |
| Target audience note | K |
| Source | Raz-Plus |
| 650 #0 - SUBJECT ADDED ENTRY--TOPICAL TERM | |
| Topical term or geographic name entry element | Theft |
| Form subdivision | Juvenile fiction. |
| 650 #0 - SUBJECT ADDED ENTRY--TOPICAL TERM | |
| Topical term or geographic name entry element | Schools |
| Form subdivision | Juvenile fiction. |
| 650 #0 - SUBJECT ADDED ENTRY--TOPICAL TERM | |
| Topical term or geographic name entry element | Security guards |
| Form subdivision | Juvenile fiction. |
| 650 #1 - SUBJECT ADDED ENTRY--TOPICAL TERM | |
| Topical term or geographic name entry element | Stealing |
| Form subdivision | Fiction. |
| 650 #1 - SUBJECT ADDED ENTRY--TOPICAL TERM | |
| Topical term or geographic name entry element | Schools |
| Form subdivision | Fiction. |
| 650 #1 - SUBJECT ADDED ENTRY--TOPICAL TERM | |
| Topical term or geographic name entry element | Security guards |
| Form subdivision | Fiction. |
| 650 #1 - SUBJECT ADDED ENTRY--TOPICAL TERM | |
| Topical term or geographic name entry element | Humorous stories. |
| 655 #0 - INDEX TERM--GENRE/FORM | |
| Genre/form data or focus term | Humorous stories. |
| 655 #0 - INDEX TERM--GENRE/FORM | |
| Genre/form data or focus term | Children's stories. |
| 655 #7 - INDEX TERM--GENRE/FORM | |
| Genre/form data or focus term | Humorous fiction. |
| Source of term | gsafd |
| 700 1# - ADDED ENTRY--PERSONAL NAME | |
| Personal name | Paillot, Jim |
| Relator term | illustrator |
| 906 ## - LOCAL DATA ELEMENT F, LDF (RLIN) | |
| a | 7 |
| b | cbc |
| c | orignew |
| d | 1 |
| e | ecip |
| f | 20 |
| g | y-gencatlg |
| 942 ## - ADDED ENTRY ELEMENTS (KOHA) | |
| Source of classification or shelving scheme | Dewey Decimal Classification |
| Koha item type | Books |
| Suppress in OPAC | No |
| 999 ## - | |
| -- | 2169 |
| -- | 2169 |
| Withdrawn status | Lost status | Source of classification or shelving scheme | Damaged status | Not for loan | Collection | Home library | Current library | Shelving location | Date acquired | Total Checkouts | Full call number | Barcode | Date due | Date last seen | Date last checked out | Price effective from | Koha item type | Copy number |
|---|---|---|---|---|---|---|---|---|---|---|---|---|---|---|---|---|---|---|
| Dewey Decimal Classification | Juvenile Fiction | Footprints International School Library Network Toul Kork Campus | Footprints International School Library Network Toul Kork Campus | TK Primary Library Room(4th Floor), Bookcase 3&4, Shelves 17-32, Yellow Books | 11/08/2023 | 1 | GUT 813.54 PZ7.G9846 | FISTK00518 | 04/17/2026 | 04/03/2026 | 04/03/2026 | 11/08/2023 | Books | |||||
| Dewey Decimal Classification | Juvenile Fiction | Footprints International School Library Network Toul Tom Poung Campus | Footprints International School Library Network Toul Tom Poung Campus | TTP Primary Yellow Bookshelves | 08/20/2025 | GUT 813.54 PZ7.G9846 | FIS02608 | 08/20/2025 | 08/20/2025 | Books | 2 |
